Matemática 6 : segundo ciclo egb /
Guardado en:
| Autor Principal: | |
|---|---|
| Otros Autores: | |
| Formato: | Libro |
| Publicado: |
Buenos Aires :
Aique,
2000
|
| Series: | Puntos Cardinales
|
| Materias: | |
| Etiquetas: |
Agregar Etiqueta
Sin Etiquetas, Sea el primero en etiquetar este registro!
|
| LEADER | 00725nam a22002175a 4500 | ||
|---|---|---|---|
| 001 | CEM.cems010839 | ||
| 005 | 20080314111812.0 | ||
| 008 | 130507s2000##################000#0#####d | ||
| 003 | CEMS | ||
| 082 | 0 | 4 | |a SG510 |
| 100 | 1 | |a Barallobres, Gustavo | |
| 245 | 1 | 0 | |a Matemática 6 : |b segundo ciclo egb / |c Gustavo Barallobres ; zulema Cukier |
| 260 | |a Buenos Aires : |b Aique, |c 2000 | ||
| 300 | |a 191 p. | ||
| 490 | 0 | |a Puntos Cardinales | |
| 653 | |a Matemática | ||
| 653 | |a Matemática 6to. egb | ||
| 653 | |a Biblioteca maría de los angeles saggio | ||
| 700 | 1 | |a Cukier, Zulema | |
| 859 | |a CEMS |b BIB. CEMS - 11 de abril |h SG510 |i B231 |p 21524.01 |t Ej.1 |v 6º |3 6º | ||
| 859 | |a CEMS |b BIB. CEMS - 11 de abril |h SG510 |i B231 |p 21525.01 |t Ej.2 |v 6º |3 6º | ||
